000 00497nam a22001577a 4500
005 20251108164022.0
008 250721s1988 xx 000 0 ara d
082 1 4 _a216,4/عاش
100 1 _aعاشور، مصطفى
245 1 0 _aعلم الميراث :
_bاسراره و الغازه : أمثلة محلولة : تعريفات مبسطة /
264 1 _aالقاهرة :
_bمكتبة القرآن،
_c1988.
300 _a224ص
650 1 7 _aالميراث
942 _2ddc
_cBK
999 _c1555
_d1555